000 00375nam a2200157Ia 4500
008 230524s9999 xx 000 0 und d
082 _a537
_bSOM
100 _aS.L.Somasundaram
245 0 _aEngineering Thermodynamics
250 _a1ST
260 _aNEW DELHI
_bNAI
_c1996
300 _aIX;290
500 _aQuantity Number: 2
650 _aThermodynamics
942 _cBK
999 _c12092
_d12092